Jackbox Hosts by Game - Statistics

General Stats
  • This quiz has been taken 3 times
  • The average score is 5 of 24
Answer Stats
Game(s) they host
Host Name
% Correct
You Don't Know JackYou Don't Know Jack Sports You Don't Know Jack Vol. 2 You Don't Know Jack Movies You Don't Know Jack Vol.3 You Don't Know Jack Vol. 4: The Ride You Don't Know Jack Offline You Don't Know Jack 2011 You Don't Know Jack iOS You Don't Know Jack Facebook Every Fibbage Game (as of now) You Don't Know Jack 2015 Fakin' It You Don't Know Jack: Full Stream Cookie Masterson
100%
The Wheel of Enormous Proportions The Wheel of Enormous Proportions
67%
Joke Boat Captain Chuck Hull
33%
Bomb Corp. Greg
33%
Timejinx Jerri Rig
33%
Split the Room Mayonnaise
33%
Job Job M. Bubbles
33%
You Don't Know JackYou Don't Know Jack Tabletop Version You Don't Know Jack the NetShow You Don't Know Jack Vol. 4: The Ride Nate Shapiro
33%
Nonsensory Professor Nanner’s
33%
Trivia Murder PartyTrivia Murder Party 2 Trivia Murder Party 3 [REDACTED]
33%
Roomerang Rue Meringue
33%
Guesspionage Adal Rifai
0%
You Don't Know Jack Vol. 2 Buzz Lippman
0%
Bracketeering Dandelion
0%
Push the Button Digital Officer During Emergencies
0%
Bomb Corp. Ex Bomb Defusal Robot
0%
Monster Seeking Monster Felicia Shadowlurker
0%
You Don't Know Jack SportsYou Don't Know Jack Vol. 4: The Ride Guy Towers
0%
Doominate Jim Reaper
0%
You Don't Know Jack TVYou Don't Know Jack Vol. 4: The Ride You Don't Know Jack 5th Dementia You Don't Know Jack Mock 2 You Don't Know Jack Vol. 6: The "Lost Gold" Every Quiplash Game (as of now) You Don't Know Jack: Full Stream Trivia Murder Party 2 Josh Schmitstinstein
0%
Bomb Corp. Linda
0%
Cookie Haus Moonique
0%
Bomb Corp. Old Man
0%
Survive the Internet Todd
0%
No matching quizzes found
Score Distribution
Percent of People with Each Score
Percentile by Number Answered
Your Score History
You have not taken this quiz